[Event "1st 4NCL Easter Congress"]
[Site "Stevenage"]
[Date "2019.04.22"]
[Round "7"]
[Board "3"]
[White "Pride, Stephen C"]
[Black "Homer, Neil S"]
[Result "1-0"]
[WhiteElo "1610"]
[BlackElo "1692"]
[PlyCount "115"]
[EventDate "2019.04.19"]
[EventRounds "7"]
[EventCountry "ENG"]

1. Nc3 d5 2. e3 Nf6 3. f4 c5 4. Nf3 e6 5. Bb5+ Bd7 6. Qe2 Be7 7. b3 a6 8. Bxd7+
Nbxd7 9. Bb2 Qc7 10. O-O O-O 11. Nd1 Rfe8 12. Ne5 Bd6 13. Nxd7 Nxd7 14. Nf2 Bf8
15. Rae1 g6 16. Ng4 Bg7 17. Bxg7 Kxg7 18. a4 f5 19. Nf2 e5 20. Nh3 Nf6 21. fxe5
Rxe5 22. Nf4 Rae8 23. Qd1 Qe7 24. g3 Qc7 25. Kh1 Qc6 26. Kg1 Re4 27. Ng2 R4e5
28. Nf4 Qd6 29. Kh1 Ne4 30. Kg1 d4 31. Ng2 dxe3 32. dxe3 Rd5 33. Qa1+ Kg8 34.
Rd1 Rd8 35. Rxd5 Qxd5 36. Nf4 Qd6 37. Nd3 Ng5 38. Nf4 Qc6 39. Qe5 Rd2 40. e4
Rd4 41. h4 Rxe4 42. Qd5+ Qxd5 43. Nxd5 Nf7 44. Nf6+ Kg7 45. Nxe4 fxe4 46. Rd1
Ne5 47. Rd5 Nf3+ 48. Kf2 b6 49. Rd6 Nd4 50. c3 e3+ 51. Ke1 Nxb3 52. Rxb6 c4 53.
Rxa6 Nc5 54. Ra7+ Kf6 55. a5 Ke6 56. Rxh7 Ke5 57. Re7+ Kf5 58. Rxe3  1-0

[Event "1st 4NCL Easter Congress"]
[Site "Stevenage"]
[Date "2019.04.22"]
[Round "7"]
[Board "4"]
[White "Bishop, Geoffrey L"]
[Black "Sloan, Cecil"]
[Result "0-1"]
[WhiteElo "1740"]
[BlackElo "1654"]
[PlyCount "72"]
[EventDate "2019.04.19"]
[EventRounds "7"]
[EventCountry "ENG"]

1. e4 d5 2. exd5 Qxd5 3. Nc3 Qd8 4. d4 Nf6 5. Nf3 Bg4 6. h3 Bxf3 7. Qxf3 c6 8.
Be3 e6 9. O-O-O Bb4 10. Ne4 Nbd7 11. c3 Be7 12. Bd3 O-O 13. h4 Nxe4 14. Qxe4
Nf6 15. Qf3 Qd5 16. Qxd5 Nxd5 17. Bd2 a5 18. a4 Nb6 19. b3 Nd5 20. Kb2 Rfb8 21.
g3 b5 22. axb5 cxb5 23. Bxb5 Nxc3 24. Bxc3 Rxb5 25. Ra1 Rab8 26. Rxa5 Rxb3+ 27.
Kc2 Rxc3+ 28. Kxc3 Bb4+ 29. Kd3 Bxa5 30. Ra1 Bd8 31. Ke4 g6 32. f4 Bf6 33. Rd1
Rb3 34. Rd3 Rxd3 35. Kxd3 Kg7 36. Ke4 Kh6  0-1

[Event "1st 4NCL Easter Congress"]
[Site "Stevenage"]
[Date "2019.04.22"]
[Round "7"]
[Board "5"]
[White "Ribbands, Patrick C"]
[Black "Usharovsky, Tom"]
[Result "0-1"]
[WhiteElo "1683"]
[BlackElo "1486"]
[PlyCount "94"]
[EventDate "2019.04.19"]
[EventRounds "7"]
[EventCountry "ENG"]

1. c4 e5 2. Nc3 Nf6 3. g3 Bc5 4. Bg2 Nc6 5. e3 O-O 6. Nge2 d6 7. O-O Bg4 8. h3
Bh5 9. a3 Bg6 10. d3 a5 11. b3 Qd7 12. Kh2 Qf5 13. e4 Qd7 14. Nd5 Nxd5 15. cxd5
Nd4 16. Nxd4 Bxd4 17. Ra2 Ra6 18. Rc2 c6 19. dxc6 Rxc6 20. Rc4 Rfc8 21. Be3
Bxe3 22. fxe3 b5 23. Rxc6 Qxc6 24. Qb1 Qc2 25. Kg1 Rc3 26. Qxc2 Rxc2 27. Rb1 f6
28. b4 a4 29. Ra1 f5 30. exf5 Bxf5 31. e4 Be6 32. Bf1 Kf7 33. d4 Bc4 34. dxe5
dxe5 35. Bxc4+ Rxc4 36. Kf2 Rxe4 37. Kf3 Rc4 38. Re1 Ke6 39. Re3 Kf6 40. Re2 h5
41. Re3 g5 42. g4 h4 43. Kf2 e4 44. Ke2 Ke5 45. Kd2 Kd4 46. Re2 Rc6 47. Re3
Rc2+  0-1

[Event "1st 4NCL Easter Congress"]
[Site "Stevenage"]
[Date "2019.04.22"]
[Round "7"]
[Board "6"]
[White "Dunkley, Michael"]
[Black "Lambton, David"]
[Result "0-1"]
[WhiteElo "1777"]
[BlackElo "1645"]
[PlyCount "62"]
[EventDate "2019.04.19"]
[EventRounds "7"]
[EventCountry "ENG"]

1. e4 c6 2. Nc3 d5 3. Nf3 Bg4 4. h3 Bxf3 5. Qxf3 e6 6. g3 Nd7 7. Bg2 Ngf6 8.
O-O Bd6 9. d3 O-O 10. Qe2 d4 11. Nd1 e5 12. f4 exf4 13. gxf4 Bc7 14. e5 Re8 15.
Qf2 Nxe5 16. fxe5 Bxe5 17. Bf4 Bxf4 18. Qxf4 Re2 19. Rc1 Qd7 20. Bf3 Re7 21.
Kh2 Rae8 22. Rg1 Nd5 23. Qxd4 Qd6+ 24. Rg3 g6 25. Nf2 Re3 26. Ne4 Qc7 27. c4
Rxf3 28. cxd5 Rxe4 29. d6 Re2+ 30. Rg2 Qd7 31. Kg1 Rxg2+  0-1

[Event "1st 4NCL Easter Congress"]
[Site "Stevenage"]
[Date "2019.04.22"]
[Round "7"]
[Board "7"]
[White "Webster, Vivien"]
[Black "Ratnesan, Radha"]
[Result "0-1"]
[WhiteElo "1724"]
[BlackElo "1418"]
[PlyCount "72"]
[EventDate "2019.04.19"]
[EventRounds "7"]
[EventCountry "ENG"]

1. d4 Nf6 2. c4 e6 3. a3 d5 4. e3 Be7 5. Nf3 b6 6. Nc3 Bb7 7. b4 dxc4 8. Bxc4
O-O 9. O-O Nbd7 10. Bb2 Bd6 11. Ng5 h6 12. Nh3 Ne4 13. Nxe4 Bxe4 14. f3 Bb7 15.
e4 Qh4 16. e5 Be7 17. Rc1 Rad8 18. Qb3 c6 19. Rfe1 b5 20. Bf1 Nb6 21. Re4 Qh5
22. Rg4 Nd5 23. Bd3 f5 24. exf6 Rxf6 25. Be4 Qf7 26. Bxd5 exd5 27. Qe3 Bd6 28.
Rf1 Bc8 29. Rh4 Re8 30. Qc1 g5 31. Nxg5 hxg5 32. Qxg5+ Rg6 33. Qh5 Qg7 34. Bc1
Rxg2+ 35. Kh1 Ree2 36. f4 Bg4  0-1

[Event "1st 4NCL Easter Congress"]
[Site "Stevenage"]
[Date "2019.04.22"]
[Round "7"]
[Board "8"]
[White "Zhu, Feng"]
[Black "Royce, Anastasija"]
[Result "1-0"]
[WhiteElo "1433"]
[BlackElo "1158"]
[PlyCount "133"]
[EventDate "2019.04.19"]
[EventRounds "7"]
[EventCountry "ENG"]

1. d4 d5 2. c4 e6 3. Nc3 Nf6 4. Nf3 Nbd7 5. Bf4 Bb4 6. a3 Bxc3+ 7. bxc3 h6 8.
e3 O-O 9. Bd3 b6 10. O-O Bb7 11. h3 dxc4 12. Bxc4 Ne4 13. Qc2 Nd6 14. Nd2 Nxc4
15. Nxc4 Nf6 16. f3 Ba6 17. Qa4 Qc8 18. Qc6 Qd7 19. Ne5 Qxc6 20. Nxc6 Bxf1 21.
Kxf1 Nd5 22. c4 Nxf4 23. exf4 f6 24. h4 Rf7 25. Re1 Re8 26. Nxa7 Ra8 27. Nc6
Rxa3 28. Nd8 Rd7 29. Nxe6 Rc3 30. c5 bxc5 31. dxc5 f5 32. h5 Kf7 33. Kf2 Re7
34. Nd8+ Kf6 35. Ra1 Rxc5 36. Ra6+ c6 37. Rxc6+ Rxc6 38. Nxc6 Rc7 39. Ne5 Rc1
40. Nd7+ Ke7 41. Ne5 Rd1 42. g4 Kf6 43. Ke2 Rd5 44. Ke3 Rd8 45. Nc6 Ra8 46. Ne5
Re8 47. Kf2 Rxe5 48. fxe5+ Kxe5 49. Ke3 f4+ 50. Kd3 Kf6 51. Ke4 Kg5 52. Ke5 g6
53. hxg6 Kxg6 54. Kxf4 Kf6 55. Ke4 Kg5 56. Ke5 Kh4 57. Kf4 Kh3 58. g5 hxg5+ 59.
Kxg5 Kg3 60. f4 Kf3 61. f5 Ke4 62. Kf6 Kf4 63. Ke6 Kg5 64. f6 Kg6 65. Ke7 Kh6
66. f7 Kh7 67. f8=Q  1-0

[Event "1st 4NCL Easter Congress"]
[Site "Stevenage"]
[Date "2019.04.22"]
[Round "7"]
[Board "9"]
[White "Neil, Graham"]
[Black "Robinson, Brian"]
[Result "1/2-1/2"]
[WhiteElo "1540"]
[BlackElo "1569"]
[PlyCount "46"]
[EventDate "2019.04.19"]
[EventRounds "7"]
[EventCountry "ENG"]

1. d4 Nf6 2. Bf4 e6 3. Nf3 c5 4. c3 d5 5. h3 Bd6 6. Bxd6 Qxd6 7. e3 Nc6 8. Nbd2
Bd7 9. Qc2 cxd4 10. exd4 Rc8 11. Qd1 O-O 12. Be2 Rb8 13. O-O b5 14. a3 a5 15.
Re1 a4 16. Bd3 Na5 17. Qe2 Nc4 18. Reb1 Rfc8 19. Ne5 Be8 20. Ndf3 h6 21. Ne1
Bc6 22. Nc2 Ba8 23. Nb4 Rb6  1/2-1/2

[Event "1st 4NCL Easter Congress"]
[Site "Stevenage"]
[Date "2019.04.22"]
[Round "7"]
[Board "10"]
[White "Sagar, Aneesh"]
[Black "Illingworth, John B"]
[Result "0-1"]
[WhiteElo "1195"]
[BlackElo "1621"]
[PlyCount "54"]
[EventDate "2019.04.19"]
[EventRounds "7"]
[EventCountry "ENG"]

1. e4 e5 2. Nf3 Nc6 3. Bc4 Nf6 4. Nc3 Bc5 5. O-O d6 6. h3 a6 7. a3 Be6 8. Bxe6
fxe6 9. d3 O-O 10. Ne2 Qd7 11. Ng3 Rad8 12. b4 Ba7 13. Bb2 Ne7 14. Re1 Ng6 15.
c3 Ne8 16. Qc2 Nf4 17. Kh2 Qf7 18. d4 Qf6 19. dxe5 dxe5 20. c4 Nxg2 21. Kxg2
Qxf3+ 22. Kg1 Qxg3+ 23. Kh1 Rxf2 24. Qxf2 Qxf2 25. Bxe5 Qf3+ 26. Kh2 Rd2+ 27.
Re2 Rxe2#  0-1

[Event "1st 4NCL Easter Congress"]
[Site "Stevenage"]
[Date "2019.04.22"]
[Round "7"]
[Board "11"]
[White "Duffell, Andrew"]
[Black "Jones, Zebedee"]
[Result "0-1"]
[WhiteElo "1424"]
[BlackElo "1412"]
[PlyCount "84"]
[EventDate "2019.04.19"]
[EventRounds "7"]
[EventCountry "ENG"]

1. d4 Nf6 2. c4 e6 3. Nc3 Bb4 4. f3 d5 5. a3 Bxc3+ 6. bxc3 O-O 7. Bg5 Nbd7 8.
cxd5 exd5 9. e4 dxe4 10. fxe4 Qe8 11. e5 Ne4 12. Nf3 Nb6 13. Bd3 f5 14. Qc2 Qg6
15. h4 h5 16. O-O-O Be6 17. c4 c6 18. Rhe1 Rac8 19. c5 Nd5 20. Rxe4 fxe4 21.
Bxe4 Rf5 22. Rg1 Qf7 23. Bd2 Rxf3 24. gxf3 Nf4 25. Bxf4 Qxf4+ 26. Kb2 Qxh4 27.
Qg2 Rc7 28. Rh1 Qd8 29. Qc2 Qxd4+ 30. Kb1 Qxe5 31. Bh7+ Kf8 32. Rd1 Bd5 33. Qd3
Rd7 34. Rc1 Ba2+ 35. Kxa2 Rxd3 36. Bxd3 h4 37. f4 Qd5+ 38. Bc4 Qxc5 39. Kb3 h3
40. Rc2 Qe3+ 41. Rc3 Qxc3+ 42. Kxc3 h2  0-1

[Event "1st 4NCL Easter Congress"]
[Site "Stevenage"]
[Date "2019.04.22"]
[Round "7"]
[Board "12"]
[White "Volovich, Andrew"]
[Black "Fisher, Neal"]
[Result "1-0"]
[WhiteElo "1373"]
[BlackElo "1473"]
[PlyCount "63"]
[EventDate "2019.04.19"]
[EventRounds "7"]
[EventCountry "ENG"]

1. d4 Nf6 2. Bf4 d5 3. e3 c6 4. Nf3 e6 5. Bd3 h6 6. O-O Bd6 7. Bg3 Qc7 8. Nc3
O-O 9. Qe2 Nbd7 10. Rae1 Nh5 11. Bxd6 Qxd6 12. g3 Nhf6 13. Kg2 e5 14. dxe5 Nxe5
15. Nxe5 Qxe5 16. f4 Qe6 17. f5 Qd6 18. e4 dxe4 19. Nxe4 Nxe4 20. Qxe4 Qf6 21.
c3 c5 22. Kg1 Qb6 23. Bc2 f6 24. Qd5+ Kh8 25. Re7 c4+ 26. Rf2 Qxb2 27. Bd1 Qxc3
28. Bh5 Qd3 29. Qf7 Rg8 30. Qxg8+ Kxg8 31. Re8+ Kh7 32. Bg6#  1-0